[Event "Pan American-ch"]
[Site "Washington DC"]
[Date "2006.12.27"]
[Round "1"]
[White "Solomon, Andrew"]
[Black "Rohonyan, Katerina"]
[Result "0-1"]
[WhiteElo "1853"]
[BlackElo "2354"]
[PlyCount "104"]
[EventDate "2006.12.27"]
[EventType "swiss"]
[EventRounds "6"]
[EventCountry "USA"]
[SourceTitle "CBM 116 Extra"]
[Source "ChessBase"]
[SourceDate "2007.03.07"]
[SourceVersion "1"]
[SourceVersionDate "2007.03.07"]
[SourceQuality "1"]

1. e4 d5 2. exd5 Nf6 3. d4 Nxd5 4. c4 Nb6 5. Nc3 e5 6. dxe5 Qxd1+ 7. Kxd1 Nc6 8. Nb5 Bg4+ 9. f3 0-0-0+ 10. Bd2 Bb4 11. Nc3 Be6 12. f4 Bxc4 13. Nf3 f6 14. Kc2 fxe5 15. fxe5 Rhe8 16. a3 Bf8 17. Re1 h6 18. h4 g6 19. Re4 Be6 20. g4 Bg7 21. Bb5 Rf8 22. Rf1 Rxf3 23. Rxf3 Nd4+ 24. Rxd4 Rxd4 25. g5 hxg5 26. Bxg5 Bf5+ 27. Rxf5 gxf5 28. e6 c6 29. e7 Kd7 30. Bd3 Rxd3 31. Kxd3 Nc8 32. Ke3 Be5 33. Bf4 Bf6 34. Bg5 Kxe7 35. Ne2 Nd6 36. Kf4 Kf7 37. Bxf6 Kxf6 38. h5 Nc4 39. b3 Nb6 40. Ng3 Nd5+ 41. Kf3 Kg5 42. h6 Nf6 43. Ne2 Kxh6 44. Nd4 Kg6 45. Ne6 Ne4 46. Kf4 Kf6 47. Nd4 Nd6 48. Nf3 Ke6 49. Nd4+ Kd5 50. Nc2 a5 51. b4 a4 52. Ne3+ Kd4 0-1